Исследование повышения эффективности окисления фенола в водном растворе при воздействии импульсного сильноточного электронного пучка; Высокие технологии в современной науке и технике; Т. 1

Detaylı Bibliyografya
Parent link:Высокие технологии в современной науке и технике: сборник научных трудов II Всероссийской научно-технической конференции молодых ученых, аспирантов и студентов с международным участием, Томск, 27-29 марта 2013 г/ Национальный исследовательский Томский политехнический университет (ТПУ).— , 2013
Т. 1.— 2013.— [С. 89-93]
Diğer Yazarlar: Кайканов М. И. Марат Исламбекович, Меринова Л. Р. Лилия Рашидовна, Ротарь С. В., Ермоленко Н. С.
Özet:Заглавие с титульного экрана
Dil:Rusça
Baskı/Yayın Bilgisi: 2013
Seri Bilgileri:Пучково-плазменные и электроразрядные технологии
Konular:
Online Erişim:http://www.lib.tpu.ru/fulltext/c/2013/C17/V1/022.pdf
Materyal Türü: MixedMaterials Elektronik Kitap Bölümü
KOHA link:https://koha.lib.tpu.ru/cgi-bin/koha/opac-detail.pl?biblionumber=235561

MARC

LEADER 00000naa2a2200000 4500
001 235561
005 20260105104827.0
035 |a (RuTPU)RU\TPU\book\256698 
035 |a RU\TPU\book\256690 
090 |a 235561 
100 |a 20130411d2013 k||y0rusy50 ca 
101 0 |a rus 
102 |a RU 
135 |a drcn ---uucaa 
181 0 |a i  
182 0 |a b 
200 1 |a Исследование повышения эффективности окисления фенола в водном растворе при воздействии импульсного сильноточного электронного пучка  |f М. И. Кайканов [и др.] 
203 |a Текст  |c электронный 
225 1 |a Пучково-плазменные и электроразрядные технологии 
300 |a Заглавие с титульного экрана 
320 |a [Библиогр.: с. 93 (10 назв.)] 
337 |a Adobe Reader 
461 1 |0 (RuTPU)RU\TPU\book\256460  |t Высокие технологии в современной науке и технике  |o сборник научных трудов II Всероссийской научно-технической конференции молодых ученых, аспирантов и студентов с международным участием, Томск, 27-29 марта 2013 г  |o в 2 т.  |f Национальный исследовательский Томский политехнический университет (ТПУ)  |d 2013 
463 1 |0 (RuTPU)RU\TPU\book\256463  |t Т. 1  |v [С. 89-93]  |d 2013 
610 1 |a труды учёных ТПУ 
610 1 |a электронный ресурс 
610 1 |a исследование 
610 1 |a эффективность 
610 1 |a окисление 
610 1 |a фенолы 
610 1 |a водные растворы 
610 1 |a импульсные пучки 
610 1 |a сильноточные пучки 
610 1 |a электронные пучки 
701 1 |a Кайканов  |b М. И.  |c физик  |c инженер Томского политехнического университета  |f 1987-  |g Марат Исламбекович  |3 (RuTPU)RU\TPU\pers\30624 
701 1 |a Меринова  |b Л. Р.  |c физик  |c младший научный сотрудник Томского политехнического университета  |f 1981-  |g Лилия Рашидовна  |3 (RuTPU)RU\TPU\pers\28105  |9 13063 
701 1 |a Ротарь  |b С. В. 
701 1 |a Ермоленко  |b Н. С. 
801 2 |a RU  |b 63413507  |c 20131118  |g RCR 
856 4 |u http://www.lib.tpu.ru/fulltext/c/2013/C17/V1/022.pdf 
942 |c CF